00710nam a2200241 a 4500001001300000003000900013005001700022008004100039020000900080082001600089100002400105245002600129260005400155300000900209500003500218505002400253650002200277700002400299902000800323942000700331952011500338999001500453nice12345678IN_TiNIC20260116012802.0050524s1981 newa grp 000 0 eng  ac4000a297.63bGAU aGauba, Khalid Latif aProphet of the Desert aNew Delhi bAdam Publisher and Distributer c1981 a190p aincludes index and biblioraphy2 aIndex, Bibliography aMuhammad, Prophet1 aGauba, Khalid Latif bSRS cBK 001040708StackRoom-aHMIbHMId2008-02-29g40.00l0o297.63 GAUp011255r2008-02-29v40.00w2005-05-24yBK c8359d8359